000 01556cam a22001814a 4500
005 20250605164211.0
008 250528s ||||||||||||||||||||||||d
035 _a20244
040 _aGR-AtMCL
_bgre
_dGR-AtMCL
_eAACR2
245 1 _aΕισαγωγή στη Θεωρητική Γλωσσολογία / Δέκατη Τρίτη Έκδοση
260 _bΝεφέλη,
_c1992
300 _a350
520 _aΈνα ευσύνοπτο εγχειρίδιο όπου παρουσιάζονται όλα τα μεγάλα θέματα της σημερινής θεωρητικής γλωσσολογίας και όλες οι σύγχρονες αναζητήσεις στους διάφορους τομείς της. Πρόλογος, Εισαγωγικά, Φωνητική - Φωνολογία, Μορφολογία, Θεωρητικές Αρχές και Στόχοι, Γραμματική της Φραστικής Δομής, Μετασχηματιστικοί Κανόνες, Η Θεωρία των Περιορισμών, Η Θεωρία Κυβέρνησης και Αναφορικής Δέσμευσης, Γραμματικό Πρότυπο Αρχών και Παραμέτρων, Σημασιολογία, Πραγματολογία, Βιβλιογραφικές Σημειώσεις, Βιβλιογραφία, Υπόμνημα Συντομογραφιών, Ευρετήριο Όρων, Πίνακας Περιεχομένων.
700 1 _aΦιλιππάκη - Warburton Ειρήνη
_96270
942 _cBK
999 _c5377
_d5377